Countries which Execute - Statistics

General Stats
  • This quiz has been taken 882 times
  • The average score is 13 of 18
Answer Stats
Hint Answer % Correct
exact number unknown 1,000s China
96%
220 United States
95%
1,663 Iran
90%
423 Saudi Arabia
90%
256 Iraq
87%
105 North Korea
82%
171 Pakistan
78%
12 Egypt
75%
11 Indonesia
72%
34 Afghanistan
70%
33 Syria
70%
152 Yemen
70%
33 Japan
69%
39 Libya
62%
58 Vietnam
56%
30 Sudan
54%
23 Somalia
51%
28 Bangladesh
40%
No matching quizzes found
Score Distribution
Percent of People with Each Score
Percentile by Number Answered
Your Score History
You have not taken this quiz